Double taxation relief orders between Malaysia and foreign countries

Bibliographic Details
Format: Book
Published: Kuala Lumpur : ILBS , 1991
Subjects:

MARC

LEADER 00000cam a2200000 7i4500
001 0000000481
005 20050505.0
020 |a 9678904497 
040 |a INS 
090 0 0 |a HJ2343.M3   |b D 1991 
245 1 0 |a Double taxation relief orders between Malaysia and foreign countries 
260 |a Kuala Lumpur :   |b ILBS ,   |c 1991 
300 |a 618p. 
650 0 0 |a Inter govermental tax relations   |z Malaysia 
650 0 0 |a Taxation, double   |z Malaysia 
999 |a 0000006574   |b BOOK   |c Open Shelf   |e Default branch